|
|
|
|
| LEADER |
01365nam a22002777a 4500 |
| 001 |
31938 |
| 003 |
BD-DhAAL |
| 005 |
20250812170202.0 |
| 008 |
171120r20161961ii ||||| |||| 00| 0 ben d |
| 020 |
|
|
|a 8180402231
|
| 040 |
|
|
|a BD-DhAAL
|
| 082 |
|
|
|a 294.5924
|2 23
|
| 245 |
|
|
|a শ্রীমদ্ভগবদগীতা /
|c স্বামী জগদীশ্বরানন্দ কর্তৃক অনূদিত এবং স্বামী জগদানন্দ কর্তৃক সম্পাদিত.
|b
|
| 250 |
|
|
|a অষ্টম সংস্করণ.
|
| 260 |
|
|
|a কলকাতা :
|b উদ্বোধন কার্যালয়,
|c ১৯৬১ [পুনর্মুদ্রণ ২০১৬].
|
| 300 |
|
|
|a ৪২৭ পৃষ্ঠা :
|c ১৬ সে.মি.
|
| 500 |
|
|
|a নির্ঘণ্ট অন্তর্ভুক্ত.
|
| 526 |
|
|
|a AAL
|
| 541 |
|
|
|e 31938
|
| 630 |
|
|
|a Bhagavadgita.
|9 58894
|
| 700 |
|
|
|a জগদীশ্বরানন্দ,
|e translator.
|9 23809
|
| 700 |
|
|
|a জগদানন্দ,
|e editor.
|9 23810
|
| 852 |
|
|
|a Ayesha Abed Library
|c Reference Section
|
| 942 |
|
|
|2 ddc
|c BK
|
| 999 |
|
|
|c 38589
|d 38589
|
| 952 |
|
|
|0 0
|1 0
|2 ddc
|4 0
|6 294_592400000000000_SRI
|7 1
|9 61905
|a BRACUL
|b BRACUL
|c REF
|d 2017-11-21
|e Development Book Agency
|l 3
|m 8
|o 294.5924 SRI
|p 3010031938
|r 2025-01-21
|s 2025-01-08
|t 1
|w 2017-11-21
|y BK
|